<?xml version="1.0" encoding="UTF-8"?>
<record
    xmlns:xsi="http://www.w3.org/2001/XMLSchema-instance"
    xsi:schemaLocation="http://www.loc.gov/MARC21/slim http://www.loc.gov/standards/marcxml/schema/MARC21slim.xsd"
    xmlns="http://www.loc.gov/MARC21/slim">

  <leader>01599cam a2200385 i 4500</leader>
  <datafield tag="999" ind1=" " ind2=" ">
    <subfield code="c">6840</subfield>
    <subfield code="d">6840</subfield>
  </datafield>
  <datafield tag="020" ind1=" " ind2=" ">
    <subfield code="a">9789863982388</subfield>
    <subfield code="c">NT$320</subfield>
  </datafield>
  <datafield tag="100" ind1="1" ind2=" ">
    <subfield code="a">&#x51F1;&#x52D2;</subfield>
  </datafield>
  <datafield tag="245" ind1="1" ind2="0">
    <subfield code="a">&#x6210;&#x529F;, &#x5F9E;&#x805A;&#x7126;&#x4E00;&#x4EF6;&#x4E8B;&#x958B;&#x59CB; :</subfield>
    <subfield code="b">&#x4E0D;&#x6D41;&#x5931;&#x5C08;&#x6CE8;&#x529B;&#x7684;&#x6E1B;&#x6CD5;&#x539F;&#x5247; /</subfield>
    <subfield code="c">&#x84CB;&#x745E;.&#x51F1;&#x52D2;(Gary Keller), &#x5091;&#x4F0A;.&#x5DF4;&#x5E15;&#x68EE;(Jay Papasan)&#x8457; ; &#x7F85;&#x8000;&#x5B97;&#x8B6F;</subfield>
  </datafield>
  <datafield tag="250" ind1=" " ind2=" ">
    <subfield code="a">&#x7B2C;&#x4E8C;&#x7248;</subfield>
  </datafield>
  <datafield tag="300" ind1=" " ind2=" ">
    <subfield code="a">254&#x9762; :</subfield>
    <subfield code="b">&#x5716; ;</subfield>
    <subfield code="c">21&#x516C;&#x5206;</subfield>
  </datafield>
  <datafield tag="490" ind1="1" ind2=" ">
    <subfield code="a">&#x5929;&#x4E0B;&#x8CA1;&#x7D93; ;</subfield>
    <subfield code="v">324.</subfield>
  </datafield>
  <datafield tag="500" ind1=" " ind2=" ">
    <subfield code="a">&#x8B6F;&#x81EA;: The one thing : the surprisingly simple truth behind extraordinary results.</subfield>
  </datafield>
  <datafield tag="500" ind1=" " ind2=" ">
    <subfield code="a">&#x7B2C;&#x4E00;&#x7248;&#x984C;&#x540D;: &#x805A;&#x7126;&#x7B2C;&#x4E00;&#x5F35;&#x9AA8;&#x724C; : &#x5353;&#x8D8A;&#x80CC;&#x5F8C;&#x7684;&#x8D85;&#x7C21;&#x55AE;&#x539F;&#x5247;</subfield>
  </datafield>
  <datafield tag="942" ind1=" " ind2=" ">
    <subfield code="2">ccl</subfield>
    <subfield code="c">BOOK</subfield>
  </datafield>
  <datafield tag="952" ind1=" " ind2=" ">
    <subfield code="0">0</subfield>
    <subfield code="1">0</subfield>
    <subfield code="2">ccl</subfield>
    <subfield code="4">0</subfield>
    <subfield code="7">0</subfield>
    <subfield code="a">yeezen</subfield>
    <subfield code="b">yeezen</subfield>
    <subfield code="d">2018-06-27</subfield>
    <subfield code="l">6</subfield>
    <subfield code="m">1</subfield>
    <subfield code="o">494.35</subfield>
    <subfield code="p">C02418</subfield>
    <subfield code="r">2022-06-10 00:00:00</subfield>
    <subfield code="s">2022-06-02</subfield>
    <subfield code="w">2018-06-27</subfield>
    <subfield code="y">BOOK</subfield>
    <subfield code="z">&#x3000;&#x3000;&#x540C;&#x6A23;&#x4E00;&#x5929;24&#x5C0F;&#x6642;&#xFF0C;&#x70BA;&#x4EC0;&#x9EBC;&#x6709;&#x4EBA;&#x5C31;&#x662F;&#x6210;&#x5C31;&#x66F4;&#x591A;&#xFF1F; &#x3000;&#x3000;&#x95DC;&#x9375;&#x5728;&#x300C;&#x805A;&#x7126;&#x80FD;&#x5E36;&#x52D5;&#x5F8C;&#x7E8C;&#x6539;&#x8B8A;&#x7684; 1 &#x4EF6;&#x4E8B;&#x300D;&#xFF0C;&#x8A31;&#x591A;&#x4E8B;&#x6703;&#x81EA;&#x52D5;&#x6D88;&#x5931;&#x4E0D;&#x7528;&#x505A;&#xFF01; &#x3000;&#x3000;&#x505A;&#x5F97;&#x66F4;&#x5C11;&#xFF0C;&#x4F46;&#x6210;&#x6548;&#x537B;&#x66F4;&#x597D;&#xFF01;  &#x3000;&#x3000;&#x5F85;&#x8FA6;&#x4E8B;&#x9805;&#x6108;&#x4F86;&#x6108;&#x591A;&#xFF0C;&#x600E;&#x9EBC;&#x6A23;&#x4E5F;&#x8D95;&#x4E0D;&#x4E0A;&#x9032;&#x5EA6;&#xFF1F; &#x3000;&#x3000;&#x8CE3;&#x547D;&#x540C;&#x6642;&#x505A;&#x5F88;&#x591A;&#x4E8B;&#xFF0C;&#x4F46;&#x6700;&#x5F8C;&#x537B;&#x4EE5;&#x632B;&#x6298;&#x6536;&#x5834;&#xFF1F; &#x3000;&#x3000;&#x4E0D;&#x662F;&#x4F60;&#x4E0D;&#x5920;&#x62DA;&#xFF0C;&#x800C;&#x662F;&#x7528;&#x932F;&#x4E86;&#x65B9;&#x6CD5;&#xFF01; &#x3000;&#x3000;&#x6211;&#x5011;&#x4E00;&#x5929;28%&#x7684;&#x5DE5;&#x4F5C;&#x6642;&#x9593;&#x90FD;&#x88AB;&#x6DF7;&#x4E82;&#x3001;&#x5931;&#x7126;&#x3001;&#x5206;&#x5FC3;&#x5077;&#x8D70;&#x4E86;&#x3002; &#x3000;&#x3000;&#x751F;&#x6D3B;&#x6108;&#x8907;&#x96DC;&#xFF0C;&#x6108;&#x8981;&#x5B78;&#x6703;&#x7C21;&#x5316;&#x3001;&#x805A;&#x7126;&#x7684;&#x80FD;&#x529B;&#xFF01;</subfield>
  </datafield>
</record>
